000
00239 a2200085 4500
020
_a
8170293774
082
_a
005.265 SAl
245
_a
Programming in Microsoft Fortran 77 for IBM PC and Compatibles
260
_a
New Delhi
_b
BPB Publication
_c
1994
300
_a
297p .
_c
25 cm
999
_c
156
_d
156